000 00627nam a2200241 a 4500
001 nice12345678
003 IN_TiNIC
005 20260116014616.0
008 050630s1965 sera grm 000 0 eng
020 _a
_c100
082 0 0 _a297.24
_bANO1..N
100 _aAnonymous,
245 _aQuranic Conception of Christ and Its Evalution in the Light of the New Testament
260 _aSerampor
_bSenate of Serampor College
_c1965
300 _a34p
500 _aincludes index and biblioraphy
505 2 _aThesis
650 _aFiction
700 1 _aAnonymous,
902 _bSRS
942 _cBK
999 _c16215
_d16215